[Event "Wch U16 Girls"]
[Site "Montesilvano"]
[Date "2023.11.21"]
[Round "8"]
[White "Hayrapetyan, Nvard"]
[Black "Vlasova, Olesia"]
[Result "1-0"]
[WhiteElo "1462"]
[BlackElo "1850"]
[PlyCount "53"]
[EventDate "2023.11.13"]
[EventType "swiss"]
[EventRounds "11"]
[EventCountry "ITA"]
[SourceTitle "CB48_2023"]
[SourceDate "2023.11.29"]
[SourceVersion "1"]
[SourceVersionDate "2023.11.29"]
[SourceQuality "1"]

1. e4 e5 2. Nf3 Nc6 3. Bb5 a6 4. Ba4 Nf6 5. 0-0 Be7 6. Bxc6 dxc6 7. d3 Bg4 8. h3 Bxf3 9. Qxf3 Qd6 10. Nd2 Qe6 11. Nc4 0-0-0 12. Bd2 h6 13. b4 c5 14. Rfb1 g5 15. b5 axb5 16. Rxb5 Rhg8 17. Rab1 b6 18. a4 g4 19. hxg4 Rxg4 20. a5 Rdg8 21. g3 Nh5 22. Be1 Bh4 23. Ne3 Rxg3+ 24. fxg3 Nxg3 25. Ng2 Qh3 26. Bxg3 Bxg3 27. Qf5+ 1-0

[Event "RUS-ch Blitz (Women)"]
[Site "Sochi"]
[Date "2023.10.14"]
[Round "10"]
[White "Badelka, Olga"]
[Black "Vlasova, Olesia"]
[Result "1-0"]
[WhiteElo "2386"]
[BlackElo "1850"]
[PlyCount "105"]
[EventDate "2023.10.14"]
[EventType "swiss (blitz)"]
[EventRounds "13"]
[EventCountry "RUS"]
[SourceTitle "Mega2024 Update 01"]
[Source "Chessbase"]
[SourceDate "2023.11.12"]
[SourceVersion "1"]
[SourceVersionDate "2023.11.12"]
[SourceQuality "1"]

1. d4 d5 2. Bf4 c6 3. e3 Nf6 4. c4 Bf5 5. Nc3 e6 6. Qb3 Qb6 7. c5 Qxb3 8. axb3 Be7 9. b4 Nbd7 10. b5 Nh5 11. Bc7 Bd8 12. Bxd8 Kxd8 13. h3 Nhf6 14. g4 Bg6 15. f4 Ne4 16. Rh2 f6 17. Nf3 Kc7 18. Nxe4 Bxe4 19. Nd2 Bc2 20. b4 e5 21. Rc1 Ba4 22. bxc6 bxc6 23. fxe5 fxe5 24. Nf3 exd4 25. Nxd4 Rab8 26. Ra2 Rxb4 27. Ne6+ Kb7 28. Rca1 Re8 29. Ba6+ Kxa6 30. Nc7+ Ka5 31. Nxe8 Nxc5 32. Nd6 Kb6 33. Nf5 a6 34. Nd4 Bb5 35. Kf2 Ne4+ 36. Kf3 Nc5 37. Nxb5 axb5 38. Ra8 Nb3 39. R1a7 Kc5 40. Rxg7 Nc1 41. Rxh7 Kc4 42. Rc7 c5 43. g5 Nd3 44. h4 Rb1 45. h5 b4 46. h6 Rf1+ 47. Kg2 Rf2+ 48. Kg3 Rf5 49. Kg4 Rf1 50. h7 Ne5+ 51. Kg3 Ng6 52. Rg7 Rg1+ 53. Kf2 1-0

[Event "RUS-ch Blitz (Women)"]
[Site "Sochi"]
[Date "2023.10.14"]
[Round "4"]
[White "Tazetdinova, Adelya"]
[Black "Vlasova, Olesia"]
[Result "0-1"]
[WhiteElo "1522"]
[BlackElo "1850"]
[PlyCount "106"]
[EventDate "2023.10.14"]
[EventType "swiss (blitz)"]
[EventRounds "13"]
[EventCountry "RUS"]
[SourceTitle "Mega2024 Update 01"]
[Source "Chessbase"]
[SourceDate "2023.11.12"]
[SourceVersion "1"]
[SourceVersionDate "2023.11.12"]
[SourceQuality "1"]

1. Nf3 d5 2. d4 c6 3. e3 Nf6 4. Be2 Bf5 5. 0-0 e6 6. c3 Nbd7 7. Nbd2 Bd6 8. Re1 0-0 9. b3 e5 10. dxe5 Nxe5 11. Nxe5 Bxe5 12. Bb2 Qa5 13. b4 Qc7 14. Nf3 a5 15. Nxe5 Qxe5 16. bxa5 Rxa5 17. Qb3 Qe7 18. a4 Ne4 19. c4 Rfa8 20. cxd5 Rxd5 21. Bc4 Rda5 22. f3 Nf6 23. e4 Be6 24. Bxe6 fxe6 25. Red1 h6 26. Bc3 R5a7 27. Bb4 Qc7 28. Qxe6+ Qf7 29. Qxf7+ Kxf7 30. a5 b6 31. Rdc1 bxa5 32. Bc5 Ra6 33. Bd6 a4 34. Ra3 Ke6 35. Bc5 Nd7 36. Bd4 g6 37. Kf2 Kd6 38. Ke3 c5 39. Bc3 Kc6 40. Rd1 Rb8 41. Bd2 Rb3+ 42. Rxb3 axb3 43. Rb1 Ra3 44. Ke2 c4 45. Bc3 Nc5 46. Bb4 Ra2+ 47. Kd1 Nd3 48. Bc3 Rxg2 49. Bd4 Rxh2 50. Ra1 b2 51. Bxb2 Nxb2+ 52. Kc1 Nd3+ 53. Kd1 Rh1+ 0-1

[Event "Voronezh Petrovsky op"]
[Site "Voronezh"]
[Date "2022.06.10"]
[Round "1"]
[White "Afonasieva, Anna"]
[Black "Vlasova, Olesia"]
[Result "0-1"]
[WhiteElo "2232"]
[BlackElo "1850"]
[PlyCount "100"]
[EventDate "2022.06.10"]
[EventType "swiss"]
[EventRounds "9"]
[EventCountry "RUS"]
[SourceTitle "EXT 2023"]
[Source "ChessBase"]
[SourceDate "2022.10.05"]
[SourceVersion "1"]
[SourceVersionDate "2022.10.05"]
[SourceQuality "1"]

1. d4 d5 2. Bf4 Nf6 3. e3 e6 4. Bd3 c5 5. c3 Nc6 6. Nd2 Bd6 7. Bg3 b6 8. Ngf3 Qc7 9. Qe2 Bb7 10. dxc5 bxc5 11. e4 Bxg3 12. hxg3 Qe7 13. Rd1 h6 14. 0-0 0-0 15. Rfe1 Rfe8 16. Bb1 Qc7 17. e5 Nd7 18. Qd3 Nf8 19. g4 Qb6 20. b3 Ba6 21. Qe3 Rad8 22. Qf4 Qa5 23. Rc1 Re7 24. Qh2 d4 25. c4 d3 26. Rcd1 Nb4 27. g5 Bb7 28. gxh6 Ng6 29. hxg7 Kxg7 30. Ng5 Rh8 31. Qg3 Rd7 32. Nde4 Nc2 33. Rf1 Bxe4 34. Bxc2 Qd8 35. Nxe4 dxc2 36. Rxd7 Qxd7 37. Qf3 Qd4 38. Qe3 Qxe5 39. Qc3 Rh4 40. Qxe5+ Nxe5 41. Nc3 Nd3 42. Ne2 Re4 43. Nc1 Rd4 44. Kh2 Nf4 45. g3 Rd1 46. Rg1 Nh3 47. Rh1 Nxf2 48. Rg1 e5 49. Kg2 Rxc1 50. Rxc1 Nd3 0-1

[Event "Wch FIDE Online U12 Girls Europe qual"]
[Site "Tornelo INT"]
[Date "2020.12.09"]
[Round "6"]
[White "Vlasova, Olesia"]
[Black "Maria, Lia Alexandra"]
[Result "0-1"]
[WhiteElo "1697"]
[BlackElo "1587"]
[PlyCount "120"]
[EventDate "2020.12.07"]
[EventType "swiss (rapid)"]
[EventRounds "7"]
[EventCountry "ISS"]
[SourceTitle "EXT 2022"]
[Source "ChessBase"]
[SourceDate "2021.10.06"]
[SourceVersion "1"]
[SourceVersionDate "2021.10.06"]
[SourceQuality "1"]

1. Nf3 d5 2. g3 Nf6 3. Bg2 c6 4. 0-0 g6 5. c4 Bg4 6. cxd5 cxd5 7. Qb3 b6 8. Nc3 Bg7 9. Ne5 Be6 10. Qb5+ Nbd7 11. Nc6 Qc7 12. Nxd5 Nxd5 13. Bxd5 a6 14. Qb3 Nc5 15. Qf3 Bxd5 16. Qxd5 0-0 17. d3 e6 18. Qg2 Rac8 19. Nb4 a5 20. Bf4 Be5 21. Bxe5 Qxe5 22. Nc6 Qd6 23. d4 Qxc6 24. dxc5 Qxc5 25. Rfd1 Qc2 26. Qb7 Rb8 27. Qf3 Qxb2 28. Rab1 Qxa2 29. h4 Rbd8 30. h5 Rxd1+ 31. Rxd1 Qc2 32. Rd7 a4 33. Qf6 Qc1+ 34. Kh2 Qh6 35. g4 a3 36. Rd3 a2 37. Ra3 Qd2 38. Rxa2 Qh6 39. Ra3 Qg7 40. Qf4 g5 41. Qe4 h6 42. Re3 b5 43. Kg2 Qf6 44. Qb4 Rb8 45. Qd6 Rb7 46. Qc6 Qe7 47. Rc3 Rb8 48. Rb3 b4 49. Qc4 Qb7+ 50. f3 Qb6 51. Qe4 Qc5 52. Qd3 Ra8 53. Qe4 Ra3 54. Rxa3 bxa3 55. Qa8+ Kg7 56. Qa6 Qc3 57. Kf2 Qd4+ 58. Kg2 Qb2 59. Qd3 a2 60. Qd8 a1Q 0-1

[Event "Wch-ch U12 Girls rapid"]
[Site "Minsk"]
[Date "2019.08.17"]
[Round "7"]
[White "Vlasova, Olesia"]
[Black "Mikheeva, Galina"]
[Result "1/2-1/2"]
[WhiteElo "1650"]
[BlackElo "1638"]
[PlyCount "88"]
[EventDate "2019.08.16"]
[EventType "swiss (rapid)"]
[EventRounds "9"]
[EventCountry "BLR"]
[SourceTitle "EXT 2020"]
[Source "ChessBase"]
[SourceDate "2019.10.17"]
[SourceVersion "1"]
[SourceVersionDate "2019.10.17"]
[SourceQuality "1"]

1. Nf3 f5 2. c4 Nf6 3. g3 g6 4. Bg2 Bg7 5. 0-0 0-0 6. d4 d6 7. Nc3 c6 8. d5 e5 9. Bg5 h6 10. Bxf6 Qxf6 11. e4 f4 12. Qd3 g5 13. Rfd1 c5 14. h4 Bg4 15. hxg5 hxg5 16. Rf1 Qh6 17. Nh2 Bd7 18. g4 Kf7 19. Qh3 Qf6 20. Bf3 Rh8 21. Qg2 Na6 22. Rfd1 Rh4 23. a3 Rah8 24. Nf1 Rh1+ 25. Qxh1 Rxh1+ 26. Kxh1 Qh6+ 27. Kg2 Nc7 28. Nh2 Ne8 29. Rh1 Nf6 30. Rab1 Qh8 31. b4 Qc8 32. b5 Nxg4 33. Nxg4 Bxg4 34. Rbg1 Bxf3+ 35. Kxf3 Kg6 36. a4 Qd8 37. Ke2 Qa5 38. Kd3 Bh6 39. f3 Qb6 40. Rh2 Qa5 41. Rgh1 Bg7 42. Rg2 Bh6 43. Rb1 Qb6 44. Rh1 Bg7 1/2-1/2

[Event "EU-ch U12 Girls"]
[Site "Bratislava"]
[Date "2019.08.10"]
[Round "9"]
[White "Karaivanova, Petya F"]
[Black "Vlasova, Olesia"]
[Result "0-1"]
[WhiteElo "1756"]
[BlackElo "1799"]
[PlyCount "102"]
[EventDate "2019.08.02"]
[EventType "swiss"]
[EventRounds "9"]
[EventCountry "SVK"]
[SourceTitle "EXT 2020"]
[Source "ChessBase"]
[SourceDate "2019.10.17"]
[SourceVersion "1"]
[SourceVersionDate "2019.10.17"]
[SourceQuality "1"]

1. e4 c5 2. Nf3 Nc6 3. d4 cxd4 4. Nxd4 g6 5. Nc3 Bg7 6. Be3 Nf6 7. Bc4 0-0 8. Bb3 a5 9. f3 d5 10. exd5 Nb4 11. d6 Qxd6 12. Ndb5 Qe5 13. Qd4 Qf5 14. Qd2 a4 15. Bxa4 Rxa4 16. Nd4 Qd7 17. Nxa4 Qxa4 18. 0-0 Nfd5 19. c3 Nxe3 20. Qxe3 Nd5 21. Qd2 Qa7 22. Kh1 Rd8 23. Nb3 Rd6 24. Qe2 Be6 25. Nd2 Nf4 26. Qe1 Nd3 27. Qh4 Bf6 28. Qg3 Nxb2 29. Ne4 Rd7 30. Nxf6+ exf6 31. Rf2 Nd3 32. Rff1 Qc5 33. h4 Qxc3 34. Rab1 Kg7 35. f4 Bxa2 36. Rbd1 Bc4 37. h5 Qd4 38. Kh2 Rd5 39. f5 Re5 40. Qh3 Re4 41. h6+ Kg8 42. g4 Re2+ 43. Kh1 Bd5+ 44. Rf3 Nf2+ 45. Kg2 Nxh3+ 46. Kxh3 Qxd1 47. Rc3 Qh1+ 48. Kg3 Qg2+ 49. Kh4 g5+ 50. Kh5 Qh2+ 51. Rh3 Qxh3# 0-1